<?xml version="1.0" encoding="UTF-8"?>
<collection xmlns="http://www.loc.gov/MARC21/slim">
 <record>
  <leader>00452pamaa2200157   4500</leader>
  <controlfield tag="001">0000046597</controlfield>
  <controlfield tag="005">20100121090000.0</controlfield>
  <datafield tag="020" ind1="0" ind2="0">
   <subfield code="a">9831040880 (pbk) </subfield>
  </datafield>
  <datafield tag="082" ind1=" " ind2=" ">
   <subfield code="a">363.19 TOX</subfield>
  </datafield>
  <datafield tag="090" ind1="0" ind2="0">
   <subfield code="a">RA1220.5 </subfield>
   <subfield code="b">TOX</subfield>
  </datafield>
  <datafield tag="245" ind1="1" ind2="0">
   <subfield code="a">Toxics in plastics : </subfield>
   <subfield code="b">what dangers &amp; which plastics to avoid.</subfield>
  </datafield>
  <datafield tag="260" ind1="0" ind2="0">
   <subfield code="a">Pulau Pinang: </subfield>
   <subfield code="b">CAP, </subfield>
   <subfield code="c">[?].</subfield>
  </datafield>
  <datafield tag="300" ind1=" " ind2=" ">
   <subfield code="a">60p.: </subfield>
   <subfield code="b">ill.; </subfield>
   <subfield code="c">11 cm.</subfield>
  </datafield>
  <datafield tag="440" ind1="0" ind2="0">
   <subfield code="a">Consumers' Association of Penang</subfield>
  </datafield>
  <datafield tag="650" ind1="0" ind2="0">
   <subfield code="a">Nutrition </subfield>
  </datafield>
  <datafield tag="650" ind1="0" ind2="0">
   <subfield code="a">Toxicological interactions </subfield>
  </datafield>
 </record>
</collection>
